Central Library OPAC University of Rajshahi

Geomorphology : (Record no. 70135)

MARC details
000 -LEADER
fixed length control field 00781nam a2200241 a 4500
001 - CONTROL NUMBER
control field 70135
003 - CONTROL NUMBER IDENTIFIER
rucl marc code BD-RjUL
005 - DATE AND TIME OF LATEST TRANSACTION
control field 20211209081952.0
008 - FIXED-LENGTH DATA ELEMENTS--GENERAL INFORMATION
fixed length control field 170416r19491942nyuabf b 001 0 eng
035 ## - SYSTEM CONTROL NUMBER
System control number (BD-RjUL)70347
040 ## - CATALOGING SOURCE
Original cataloging agency DLC
Transcribing agency OKentU
Modifying agency OCoLC
-- DLC
-- BD-RjUL
Language of cataloging eng
041 ## - LANGUAGE CODE
Language code of text/sound track or separate title eng
082 ## - DEWEY DECIMAL CLASSIFICATION NUMBER
Edition number 23
Classification number 551.4
Author mark and year ENG 1949
100 1# - MAIN ENTRY--PERSONAL NAME
Personal name Engeln, O. D. von
Fuller form of name (Oscar Diedrich),
Dates associated with a name 1880-1965.
9 (RLIN) 207715
245 10 - TITLE STATEMENT
Title Geomorphology :
Remainder of title systematic and regional /
Statement of responsibility, etc. by O. D. von Engeln.
260 ## - PUBLICATION, DISTRIBUTION, ETC. (IMPRINT)
Place of publication, distribution, etc. New York :
Name of publisher, distributor, etc. Macmillan ,
Date of publication, distribution, etc. c1942 [reprinted 1949, Printing 1960].
300 ## - PHYSICAL DESCRIPTION
Pagination xxii, 655 p. :
Illustrations ill. ;
Size 24 cm.
500 ## - GENERAL NOTE
General note Includes index.
650 #0 - SUBJECT ADDED ENTRY--TOPICAL TERM
Topical term or geographic name as entry element Geology, Structural.
9 (RLIN) 207716
Topical term or geographic name as entry element Physical geography.
9 (RLIN) 207717
Topical term or geographic name as entry element Geomorphology.
9 (RLIN) 233841
942 ## - ADDED ENTRY ELEMENTS (KOHA)
Source of classification or shelving scheme Dewey Decimal Classification
Koha item type Books
Holdings
Lost status Source of classification or shelving scheme Damaged status Not for loan Collection code Permanent Location Current Location Shelving location Date acquired Source of acquisition Cost, normal purchase price Total Checkouts Full call number Date last seen Copy number Koha item type Date checked out
  Dewey Decimal Classification   Not For Loan Non-fiction Central Library, University of Rajshahi Central Library, University of Rajshahi Reading Room 24/11/1955 Pub. United 18.00   551.4 ENG 1949 16/04/2017 C-1 Books  
  Dewey Decimal Classification     Non-fiction Central Library, University of Rajshahi Central Library, University of Rajshahi   28/01/2019 United states forces in Austrlia   1 551.4 ENG 1949 23/06/2022 C-2 Books 16/06/2022
  Dewey Decimal Classification     Non-fiction Central Library, University of Rajshahi Central Library, University of Rajshahi   16/10/2019       551.4 ENG 1960 16/10/2019 C-3 Books